<?xml version="1.0" encoding="UTF-8"?><?xml-stylesheet type="text/xsl" href="static/style.xsl"?><OAI-PMH xmlns="http://www.openarchives.org/OAI/2.0/" xmlns:xsi="http://www.w3.org/2001/XMLSchema-instance" xsi:schemaLocation="http://www.openarchives.org/OAI/2.0/ http://www.openarchives.org/OAI/2.0/OAI-PMH.xsd"><responseDate>2026-04-14T14:54:26Z</responseDate><request verb="GetRecord" identifier="oai:uvadoc.uva.es:10324/51146" metadataPrefix="marc">https://uvadoc.uva.es/oai/request</request><GetRecord><record><header><identifier>oai:uvadoc.uva.es:10324/51146</identifier><datestamp>2022-01-03T21:49:56Z</datestamp><setSpec>com_10324_38</setSpec><setSpec>col_10324_852</setSpec></header><metadata><record xmlns="http://www.loc.gov/MARC21/slim" xmlns:doc="http://www.lyncode.com/xoai" xmlns:xsi="http://www.w3.org/2001/XMLSchema-instance" xmlns:dcterms="http://purl.org/dc/terms/" xsi:schemaLocation="http://www.loc.gov/MARC21/slim http://www.loc.gov/standards/marcxml/schema/MARC21slim.xsd">
<leader>00925njm 22002777a 4500</leader>
<datafield tag="042" ind1=" " ind2=" ">
<subfield code="a">dc</subfield>
</datafield>
<datafield tag="720" ind1=" " ind2=" ">
<subfield code="a">Ruiz Sánchez, Aitana</subfield>
<subfield code="e">author</subfield>
</datafield>
<datafield tag="260" ind1=" " ind2=" ">
<subfield code="c">2021</subfield>
</datafield>
<datafield tag="520" ind1=" " ind2=" ">
<subfield code="a">El presente Trabajo de Fin de Grado consiste en la elaboración de un proyecto dedicado&#xd;
a los y las jóvenes del medio rural fomentando su participación en el entorno mediante&#xd;
los medios de comunicación como recurso. Su propósito es formar a los y las jóvenes en&#xd;
un pensamiento crítico ante las influencias de los medios de comunicación e&#xd;
incentivarlos/as a participar en su entorno rural con el fin de promover nuevos proyectos.</subfield>
</datafield>
<datafield tag="024" ind2=" " ind1="8">
<subfield code="a">https://uvadoc.uva.es/handle/10324/51146</subfield>
</datafield>
<datafield tag="245" ind1="0" ind2="0">
<subfield code="a">Proyecto de participación joven en el medio rural a través de los medios de comunicación.</subfield>
</datafield>
</record></metadata></record></GetRecord></OAI-PMH>